<?xml version="1.0" encoding="UTF-8"?>
<record
    xmlns:xsi="http://www.w3.org/2001/XMLSchema-instance"
    xsi:schemaLocation="http://www.loc.gov/MARC21/slim http://www.loc.gov/standards/marcxml/schema/MARC21slim.xsd"
    xmlns="http://www.loc.gov/MARC21/slim">

  <leader>00441nam a2200145Ia 4500</leader>
  <datafield tag="041" ind1=" " ind2=" ">
    <subfield code="a">Kurdish</subfield>
  </datafield>
  <datafield tag="082" ind1=" " ind2=" ">
    <subfield code="a">923,2 cut-972 &#x645;</subfield>
  </datafield>
  <datafield tag="100" ind1=" " ind2=" ">
    <subfield code="a">20260118u\\\\\\\\\\\y0engy0103\\\\ba</subfield>
  </datafield>
  <datafield tag="100" ind1=" " ind2=" ">
    <subfield code="a">&#x626;&#x6D5;&#x628;&#x648;&#x628;&#x6D5;&#x6A9;&#x631;  &#x645;&#x62D;&#x6D5;&#x645;&#x6D5;&#x62F; &#x62D;&#x627;&#x62C;&#x649;</subfield>
  </datafield>
  <datafield tag="245" ind1=" " ind2="0">
    <subfield code="a">&#x634;&#x6A9;&#x6C6;&#x646;&#x627;&#x645;&#x6D5; &#x633;&#x6D5;&#x631;&#x648;&#x6D5;&#x6CC;&#x6CC;&#x6D5;&#x6A9;&#x627;&#x646;&#x649; &#x634;&#x6C6;&#x695;&#x634; &#x62F;&#x648;&#x648;&#x6D5;&#x645;</subfield>
  </datafield>
  <datafield tag="250" ind1=" " ind2=" ">
    <subfield code="a">&#x686;1</subfield>
  </datafield>
  <datafield tag="260" ind1=" " ind2=" ">
    <subfield code="b">&#x686;&#x627;&#x67E;&#x62E;&#x627;&#x646;&#x6D5; &#x686;&#x648;&#x627;&#x631;&#x686;&#x631;&#x627;</subfield>
    <subfield code="a">&#x633;&#x644;&#x6CC;&#x645;&#x627;&#x646;&#x649; - &#x627;&#x644;&#x639;&#x631;&#x627;&#x642;</subfield>
    <subfield code="c">2025</subfield>
  </datafield>
  <datafield tag="300" ind1=" " ind2=" ">
    <subfield code="a">501</subfield>
  </datafield>
  <datafield tag="942" ind1=" " ind2=" ">
    <subfield code="c">Bk</subfield>
  </datafield>
  <datafield tag="999" ind1=" " ind2=" ">
    <subfield code="c">189277</subfield>
    <subfield code="d">189277</subfield>
  </datafield>
  <datafield tag="952" ind1=" " ind2=" ">
    <subfield code="0">0</subfield>
    <subfield code="1">0</subfield>
    <subfield code="4">0</subfield>
    <subfield code="7">0</subfield>
    <subfield code="8">920 - 929</subfield>
    <subfield code="a">KOYUCL</subfield>
    <subfield code="b">KOYUCL</subfield>
    <subfield code="c">BK</subfield>
    <subfield code="d">2026-01-18</subfield>
    <subfield code="l">0</subfield>
    <subfield code="o">923,2 cut-972 &#x645;</subfield>
    <subfield code="p">0000094086</subfield>
    <subfield code="r">2026-01-18</subfield>
    <subfield code="t">1</subfield>
    <subfield code="w">2026-01-18</subfield>
    <subfield code="y">Bk</subfield>
  </datafield>
</record>
